[Event "BIH-chT 21st"]
[Site "Sarajevo"]
[Date "2023.11.08"]
[Round "9.3"]
[White "Saric, Ibro"]
[Black "Stojanovic, Dalibor"]
[Result "1/2-1/2"]
[WhiteElo "2520"]
[BlackElo "2453"]
[PlyCount "30"]
[EventDate "2023.10.31"]
[EventType "team-tourn"]
[EventRounds "9"]
[EventCountry "BIH"]
[SourceTitle "Mega2024 Update 01"]
[Source "Chessbase"]
[SourceDate "2023.11.12"]
[SourceVersion "1"]
[SourceVersionDate "2023.11.12"]
[SourceQuality "1"]
[WhiteTeam "Cazin"]
[BlackTeam "Sarajevo SK"]
[WhiteTeamCountry "BIH"]
[BlackTeamCountry "BIH"]

1. d4 Nf6 2. c4 g6 3. Nc3 Bg7 4. Bg5 0-0 5. Nf3 d6 6. e3 c5 7. d5 h6 8. Bh4 Qb6 9. Qc2 g5 10. Bg3 Bf5 11. e4 Bg6 12. Nd2 Nh5 13. Be2 Nd7 14. Bxh5 Bxh5 15. h4 Bg6 1/2-1/2

[Event "Ayvalik Menekse"]
[Site "Ayvalik"]
[Date "2023.06.16"]
[Round "9.5"]
[White "Celik, Hasan Huseyin"]
[Black "Saric, Ibro"]
[Result "1/2-1/2"]
[WhiteElo "2405"]
[BlackElo "2531"]
[PlyCount "60"]
[EventDate "2023.06.08"]
[EventType "schev"]
[EventRounds "10"]
[EventCountry "TUR"]
[SourceTitle "CBM 214 Extra"]
[Source "ChessBase"]
[SourceDate "2023.07.31"]
[SourceVersion "1"]
[SourceVersionDate "2023.07.31"]
[SourceQuality "1"]
[WhiteTeam "Master"]
[BlackTeam "Grandmaster"]
[WhiteTeamCountry "TUR"]
[BlackTeamCountry "TUR"]

1. Nf3 Nf6 2. c4 g6 3. Nc3 Bg7 4. e4 d6 5. d4 0-0 6. Be2 e5 7. d5 a5 8. h3 Na6 9. Bg5 h6 10. Be3 Nc5 11. Nd2 Ne8 12. g4 f5 13. gxf5 gxf5 14. Rg1 Kh8 15. Qc2 Nf6 16. 0-0-0 f4 17. Bxc5 dxc5 18. Nf3 Ne8 19. Rg6 Qe7 20. Rdg1 Kh7 21. d6 cxd6 22. Nd5 Qd8 23. Qd1 b6 24. Qf1 Ra7 25. Qg2 Kh8 26. Nh2 a4 27. Bg4 Ba6 28. Be2 Bc8 29. Bg4 Ba6 30. Be2 Bc8 1/2-1/2

[Event "Ayvalik Menekse"]
[Site "Ayvalik"]
[Date "2023.06.11"]
[Round "4.5"]
[White "Saric, Ibro"]
[Black "Celik, Hasan Huseyin"]
[Result "0-1"]
[WhiteElo "2531"]
[BlackElo "2405"]
[PlyCount "122"]
[EventDate "2023.06.08"]
[EventType "schev"]
[EventRounds "10"]
[EventCountry "TUR"]
[SourceTitle "CBM 214 Extra"]
[Source "ChessBase"]
[SourceDate "2023.07.31"]
[SourceVersion "1"]
[SourceVersionDate "2023.07.31"]
[SourceQuality "1"]
[WhiteTeam "Grandmaster"]
[BlackTeam "Master"]
[WhiteTeamCountry "TUR"]
[BlackTeamCountry "TUR"]

1. Nf3 Nf6 2. g3 b5 3. Bg2 Bb7 4. 0-0 e6 5. d3 d5 6. c4 c6 7. Nbd2 bxc4 8. dxc4 Be7 9. Ne5 0-0 10. e4 Qc7 11. f4 Rd8 12. Qe2 Na6 13. a3 Nc5 14. exd5 cxd5 15. b4 Nce4 16. Nxe4 Nxe4 17. c5 a5 18. Bxe4 dxe4 19. Be3 f6 20. Nc4 Rd3 21. Rfc1 axb4 22. axb4 Rxa1 23. Rxa1 Bc6 24. Kf2 Rb3 25. Qd2 h6 26. Na5 Rd3 27. Qa2 Bd5 28. Qc2 f5 29. Rd1 Ra3 30. Nc4 Ra8 31. Rxd5 exd5 32. Nb6 Rd8 33. Qb3 Bf8 34. Qa2 Qf7 35. c6 d4 36. Qxf7+ Kxf7 37. Bxd4 Rxd4 38. c7 Rd2+ 39. Kf1 Rc2 40. c8Q Rxc8 41. Nxc8 Bxb4 42. Nb6 Ke6 43. Ke2 Bc5 44. Nc4 Bd4 45. h4 Kd5 46. Nd2 g6 47. Nb3 Bb6 48. Nd2 Kd4 49. Nf1 Kc3 50. Nd2 h5 51. Nb1+ Kb4 52. Nd2 Bg1 53. Nf1 e3 54. Nxe3 Bxe3 55. Kxe3 Kc3 56. Ke2 Kc2 57. Ke3 Kd1 58. Kd4 Ke2 59. Ke5 Kf3 60. Kf6 Kxg3 61. Kg5 Kf3 0-1

[Event "Titled Tuesday intern op 03rd Jan Late"]
[Site "Chess.com INT"]
[Date "2023.01.03"]
[Round "10"]
[White "Przybylski, Wojciech"]
[Black "Saric, Ibro"]
[Result "1-0"]
[WhiteElo "2321"]
[BlackElo "2531"]
[PlyCount "85"]
[EventDate "2023.01.03"]
[EventType "swiss (blitz)"]
[EventRounds "11"]
[EventCountry "USA"]
[SourceTitle "EXT 2024"]
[Source "ChessBase"]
[SourceDate "2023.10.10"]
[SourceVersion "1"]
[SourceVersionDate "2023.10.10"]
[SourceQuality "1"]

1. e4 c5 2. Nf3 e6 3. b3 b6 4. Bb2 Bb7 5. Qe2 Nc6 6. Qe3 d6 7. d4 cxd4 8. Nxd4 a6 9. Nd2 Nf6 10. 0-0-0 Qc7 11. f3 Be7 12. Nxc6 Bxc6 13. Bd3 0-0 14. g4 e5 15. h4 b5 16. h5 h6 17. g5 hxg5 18. Nf1 Nh7 19. Ng3 Bd7 20. Kb1 Rfc8 21. Nf5 Bxf5 22. exf5 Rab8 23. h6 Bf6 24. hxg7 Kxg7 25. f4 gxf4 26. Qh3 Kf8 27. Qxh7 Ke7 28. Qh3 d5 29. Qg2 Qc6 30. Rhe1 Rg8 31. Qf2 e4 32. Bxf6+ Kxf6 33. Qd4+ Kxf5 34. Bf1 Rbc8 35. Bh3+ Rg4 36. Rd2 Rcg8 37. Bxg4+ Rxg4 38. Qh8 f3 39. Qh5+ Rg5 40. Qxf7+ Ke5 41. Qe7+ Kf5 42. Qf7+ Ke5 43. Red1 1-0

[Event "Titled Tuesday intern op 03rd Jan Late"]
[Site "Chess.com INT"]
[Date "2023.01.03"]
[Round "1"]
[White "Saric, Ibro"]
[Black "Dudzinski, Pawel"]
[Result "1-0"]
[WhiteElo "2531"]
[BlackElo "2186"]
[PlyCount "43"]
[EventDate "2023.01.03"]
[EventType "swiss (blitz)"]
[EventRounds "11"]
[EventCountry "USA"]
[SourceTitle "EXT 2024"]
[Source "ChessBase"]
[SourceDate "2023.10.10"]
[SourceVersion "1"]
[SourceVersionDate "2023.10.10"]
[SourceQuality "1"]

1. d4 d5 2. c4 c6 3. cxd5 cxd5 4. Bf4 e6 5. e3 f5 6. Nf3 Nf6 7. Bd3 Be7 8. 0-0 0-0 9. Nbd2 Bd7 10. Ne5 Be8 11. Qb3 Qb6 12. Rfc1 Qxb3 13. Nxb3 Nc6 14. Nxc6 Bxc6 15. Na5 Rfc8 16. Nxc6 Rxc6 17. Rxc6 bxc6 18. Rc1 c5 19. dxc5 Rc8 20. b4 Nd7 21. Ba6 Rc6 22. Bb5 1-0

[Event "Titled Tuesday intern op 03rd Jan Late"]
[Site "Chess.com INT"]
[Date "2023.01.03"]
[Round "8"]
[White "Saric, Ibro"]
[Black "Jobava, Baadur"]
[Result "0-1"]
[WhiteElo "2531"]
[BlackElo "2578"]
[PlyCount "90"]
[EventDate "2023.01.03"]
[EventType "swiss (blitz)"]
[EventRounds "11"]
[EventCountry "USA"]
[SourceTitle "EXT 2024"]
[Source "ChessBase"]
[SourceDate "2023.10.10"]
[SourceVersion "1"]
[SourceVersionDate "2023.10.10"]
[SourceQuality "1"]

1. d4 Nf6 2. c4 c5 3. d5 d6 4. Nc3 g6 5. e4 Bg7 6. Bd3 0-0 7. Nf3 e6 8. 0-0 exd5 9. exd5 Bg4 10. h3 Bxf3 11. Qxf3 Nfd7 12. Qd1 Ne5 13. Be2 f5 14. f4 Nf7 15. Qc2 Nd7 16. Bd2 h5 17. Rae1 Qh4 18. Kh2 Rae8 19. g3 Qd8 20. Bf3 a6 21. Re6 Nf6 22. Rfe1 Qd7 23. b3 Nd8 24. Rxe8 Rxe8 25. Rxe8+ Nxe8 26. a4 Nf7 27. Qd3 Nc7 28. Nd1 b5 29. axb5 axb5 30. Nc3 bxc4 31. bxc4 Na8 32. Nb5 Nb6 33. Ba5 Na4 34. Qb3 Nb2 35. Bd2 Qe7 36. Kg2 h4 37. g4 fxg4 38. hxg4 g5 39. Qc2 gxf4 40. Bxf4 Ng5 41. Qf5 h3+ 42. Kg3 Be5 43. Qg6+ Kf8 44. Qh6+ Ke8 45. Qh5+ Kd7 0-1

[Event "Titled Tuesday intern op 03rd Jan Late"]
[Site "Chess.com INT"]
[Date "2023.01.03"]
[Round "7"]
[White "Saric, Ibro"]
[Black "Slade, Theodore"]
[Result "1-0"]
[WhiteElo "2531"]
[BlackElo "2028"]
[PlyCount "117"]
[EventDate "2023.01.03"]
[EventType "swiss (blitz)"]
[EventRounds "11"]
[EventCountry "USA"]
[SourceTitle "EXT 2024"]
[Source "ChessBase"]
[SourceDate "2023.10.10"]
[SourceVersion "1"]
[SourceVersionDate "2023.10.10"]
[SourceQuality "1"]

1. d4 d5 2. Nf3 Nf6 3. c4 e6 4. Nc3 Be7 5. Bg5 h6 6. Bxf6 Bxf6 7. Qb3 c6 8. Rd1 0-0 9. e4 dxe4 10. Nxe4 Be7 11. Bd3 Nd7 12. 0-0 Nf6 13. Rfe1 b6 14. c5 bxc5 15. Nxc5 Qb6 16. Qc2 Rb8 17. b3 Nd5 18. Na4 Qc7 19. Rc1 Nb4 20. Qe2 Nxd3 21. Qxd3 Bb7 22. Nc5 Rfd8 23. Qe4 Rd6 24. Rc4 Rbd8 25. Rec1 Bf6 26. g3 Ba8 27. h4 h5 28. Qe3 Rd5 29. R1c2 g6 30. Re2 Bg7 31. Ne5 Kh7 32. Qf4 Bxe5 33. dxe5 Rd1+ 34. Kh2 Kg8 35. Rcc2 Ra1 36. Rcd2 Rd1 37. Rxd1 Rxd1 38. Rd2 Rxd2 39. Qxd2 Kg7 40. Qd4 Bb7 41. b4 Bc8 42. a3 Qe7 43. Qd6 Qe8 44. Qc7 a6 45. Ne4 Qd7 46. Qxd7 Bxd7 47. Nc5 Bc8 48. Kg2 Kf8 49. Kf3 Ke7 50. Ke3 Kd8 51. Kd4 Kc7 52. Ne4 Bd7 53. Kc5 Bc8 54. Nd6 f6 55. exf6 Bd7 56. f7 Bc8 57. f8Q Bd7 58. Qe7 Kb8 59. Qxd7 1-0

[Event "CRO-chT1A 30th"]
[Site "Porec"]
[Date "2022.09.24"]
[Round "1.4"]
[White "Bernadskiy, Vitaliy"]
[Black "Saric, Ibro"]
[Result "1-0"]
[WhiteElo "2558"]
[BlackElo "2542"]
[PlyCount "81"]
[EventDate "2022.09.24"]
[EventType "team-tourn"]
[EventRounds "9"]
[EventCountry "CRO"]
[SourceTitle "CBM 210 Extra"]
[Source "ChessBase"]
[SourceDate "2022.11.30"]
[SourceVersion "1"]
[SourceVersionDate "2022.11.30"]
[SourceQuality "1"]
[WhiteTeam "Kastel Novi"]
[BlackTeam "Split Mornar"]
[WhiteTeamCountry "CRO"]
[BlackTeamCountry "CRO"]

1. d4 Nf6 2. c4 e6 3. Nf3 d5 4. Nc3 Be7 5. Bf4 0-0 6. e3 Nbd7 7. cxd5 Nxd5 8. Nxd5 exd5 9. Bd3 c5 10. dxc5 Nxc5 11. 0-0 Bg4 12. Be2 Bf6 13. h3 Bh5 14. Ne5 Bxe2 15. Qxe2 Re8 16. Ng4 d4 17. Qb5 Be7 18. Rad1 a6 19. Qc4 Ne6 20. Be5 Rc8 21. Qa4 h5 22. Nh2 b5 23. Qxa6 d3 24. Nf3 Qd5 25. a4 Ng5 26. Nxg5 Qxe5 27. Nf3 Qxb2 28. Rb1 Qa3 29. Qxb5 Rb8 30. Qxb8 Rxb8 31. Rxb8+ Kh7 32. Rb5 g6 33. Rd5 Bf6 34. a5 Qb3 35. Rd7 Kg7 36. a6 Qa4 37. a7 g5 38. Nd2 g4 39. hxg4 hxg4 40. g3 Bc3 41. Nc4 1-0

[Event "BIH-chT 20th"]
[Site "Neum"]
[Date "2022.09.15"]
[Round "6.1"]
[White "Tomic, Aleksandar1111"]
[Black "Saric, Ibro"]
[Result "1/2-1/2"]
[WhiteElo "2352"]
[BlackElo "2542"]
[PlyCount "26"]
[EventDate "2022.09.10"]
[EventType "team-tourn"]
[EventRounds "9"]
[EventCountry "BIH"]
[SourceTitle "CBM 210 Extra"]
[Source "ChessBase"]
[SourceDate "2022.11.30"]
[SourceVersion "1"]
[SourceVersionDate "2022.11.30"]
[SourceQuality "1"]
[WhiteTeam "Brcko Jedinstvo"]
[BlackTeam "Pazaric Bjelasnica"]
[WhiteTeamCountry "BIH"]
[BlackTeamCountry "BIH"]

1. d4 Nf6 2. c4 e6 3. Nf3 Bb4+ 4. Bd2 a5 5. g3 b6 6. Bg2 Bb7 7. 0-0 0-0 8. b3 Na6 9. a3 Bxd2 10. Qxd2 Qe7 11. Nc3 Ne4 12. Nxe4 Bxe4 13. Ne1 Bxg2 1/2-1/2

[Event "Cetinje June GM 01"]
[Site "Cetinje"]
[Date "2022.06.08"]
[Round "2"]
[White "Draskovic, Luka"]
[Black "Saric, Ibro"]
[Result "1-0"]
[WhiteElo "2489"]
[BlackElo "2555"]
[PlyCount "169"]
[EventDate "2022.06.07"]
[EventType "swiss"]
[EventRounds "9"]
[EventCountry "MNE"]
[SourceTitle "CBM 208 Extra"]
[Source "ChessBase"]
[SourceDate "2022.07.31"]
[SourceVersion "1"]
[SourceVersionDate "2022.07.31"]
[SourceQuality "1"]

1. e4 e6 2. d4 d5 3. Nc3 Bb4 4. e5 b6 5. Qg4 Bf8 6. Nf3 Qd7 7. a3 Ba6 8. Bxa6 Nxa6 9. 0-0 c5 10. dxc5 bxc5 11. Rd1 Qc6 12. Ne2 Nc7 13. c4 Qa4 14. Nc3 Qxc4 15. Qxc4 dxc4 16. Be3 Ne7 17. Bxc5 Ned5 18. Bd4 Nxc3 19. Bxc3 Nd5 20. Rac1 Bc5 21. Bd4 Bxd4 22. Rxd4 c3 23. bxc3 Ke7 24. c4 Rhc8 25. Nd2 Rab8 26. Rc2 Rc5 27. g3 Nb6 28. f4 Ra5 29. Rd3 Nd7 30. Ne4 Nc5 31. Nxc5 Rxc5 32. Kf2 f6 33. exf6+ gxf6 34. Ke3 Rbc8 35. Rb3 R8c7 36. Kd4 e5+ 37. fxe5 fxe5+ 38. Kd3 Rd7+ 39. Ke3 Rdc7 40. Rb8 Rxc4 41. Rxc4 Rxc4 42. Rb7+ Ke6 43. Rxa7 h5 44. Rh7 Rc3+ 45. Ke4 Rc4+ 46. Kf3 Rc3+ 47. Kg2 Rc2+ 48. Kh3 e4 49. Rxh5 e3 50. Rh8 Kd5 51. Kg4 Ke4 52. Re8+ Kd3 53. h4 Rh2 54. h5 e2 55. Kf3 Kd2 56. g4 Rh3+ 57. Kf4 Rxa3 58. g5 Rh3 59. g6 Rxh5 60. g7 Rh1 61. Rxe2+ Kxe2 62. g8Q Rh4+ 63. Kg3 Re4 64. Qa2+ Kd3 65. Kf3 Re3+ 66. Kf4 Re4+ 67. Kf5 Rc4 68. Qa6 Kd4 69. Qd6+ Kc3 70. Ke5 Ra4 71. Qc5+ Kb3 72. Kd5 Rb4 73. Qe3+ Ka4 74. Qd3 Rb3 75. Qa6+ Kb4 76. Kd4 Rb2 77. Qb6+ Ka3 78. Qa5+ Kb3 79. Kd3 Rb1 80. Qb5+ Ka2 81. Qa4+ Kb2 82. Kd2 Ra1 83. Qb4+ Ka2 84. Kc2 Rc1+ 85. Kxc1 1-0

[Event "Arandjelovac ASK-11 GM"]
[Site "Arandjelovac"]
[Date "2022.03.13"]
[Round "11"]
[White "Sedlak, Nikola"]
[Black "Saric, Ibro"]
[Result "1/2-1/2"]
[WhiteElo "2503"]
[BlackElo "2574"]
[PlyCount "23"]
[EventDate "2022.03.07"]
[EventType "tourn"]
[EventRounds "11"]
[EventCountry "SRB"]
[EventCategory "7"]
[SourceTitle "CBM 207 Extra"]
[Source "ChessBase"]
[SourceDate "2022.05.31"]
[SourceVersion "1"]
[SourceVersionDate "2022.05.31"]
[SourceQuality "1"]

1. e4 e5 2. Nf3 Nc6 3. Bb5 a6 4. Ba4 Nf6 5. 0-0 Be7 6. Re1 b5 7. Bb3 0-0 8. c3 d6 9. h3 Na5 10. Bc2 c5 11. d4 Qc7 12. d5 1/2-1/2

[Event "Arandjelovac ASK-11 GM"]
[Site "Arandjelovac"]
[Date "2022.03.12"]
[Round "9"]
[White "Runic, Zoran"]
[Black "Saric, Ibro"]
[Result "1-0"]
[WhiteElo "2279"]
[BlackElo "2574"]
[PlyCount "81"]
[EventDate "2022.03.07"]
[EventType "tourn"]
[EventRounds "11"]
[EventCountry "SRB"]
[EventCategory "7"]
[SourceTitle "CBM 207 Extra"]
[Source "ChessBase"]
[SourceDate "2022.05.31"]
[SourceVersion "1"]
[SourceVersionDate "2022.05.31"]
[SourceQuality "1"]

1. e4 e5 2. Nf3 Nc6 3. Bb5 a6 4. Ba4 Nf6 5. 0-0 Be7 6. Re1 b5 7. Bb3 0-0 8. d3 d6 9. c3 Na5 10. Bc2 c5 11. Nbd2 Nc6 12. Nf1 Re8 13. h3 Bb7 14. Ng3 Bf8 15. Nh2 g6 16. f4 exf4 17. Bxf4 d5 18. e5 Nd7 19. Nf3 f6 20. exf6 Qxf6 21. Qd2 Bg7 22. Bb3 Nce5 23. Rf1 c4 24. Nxe5 Nxe5 25. d4 Nf7 26. Bc2 Qh4 27. Rf3 Re7 28. Raf1 Rae8 29. R1f2 Bc8 30. Ne2 Bh6 31. Bxh6 Qxh6 32. Nf4 Rd8 33. Rg3 Rd6 34. Re3 Rxe3 35. Qxe3 Qf8 36. h4 Qd8 37. h5 g5 38. Nxd5 Rxd5 39. Qe4 Rd7 40. Qxh7+ Kf8 41. Bg6 1-0

[Event "Arandjelovac ASK-11 GM"]
[Site "Arandjelovac"]
[Date "2022.03.11"]
[Round "8"]
[White "Saric, Ibro"]
[Black "Damljanovic, Branko"]
[Result "1/2-1/2"]
[WhiteElo "2574"]
[BlackElo "2459"]
[PlyCount "83"]
[EventDate "2022.03.07"]
[EventType "tourn"]
[EventRounds "11"]
[EventCountry "SRB"]
[EventCategory "7"]
[SourceTitle "CBM 207 Extra"]
[Source "ChessBase"]
[SourceDate "2022.05.31"]
[SourceVersion "1"]
[SourceVersionDate "2022.05.31"]
[SourceQuality "1"]

1. d4 Nf6 2. Nf3 e6 3. c4 Bb4+ 4. Nbd2 b6 5. e3 Bb7 6. Bd3 0-0 7. 0-0 d5 8. a3 Bxd2 9. Bxd2 dxc4 10. Bxc4 Nbd7 11. Qe2 c5 12. Rfd1 Qe7 13. dxc5 Nxc5 14. b4 Nce4 15. Be1 Rfc8 16. Rac1 a6 17. Bd3 Rxc1 18. Rxc1 e5 19. Nh4 b5 20. f3 Nd6 21. e4 Re8 22. Qe3 h6 23. g4 Rd8 24. Be2 Kh7 25. Bg3 Nfe8 26. Rc5 f6 27. Qc3 Qd7 28. Ng2 Nf7 29. h4 Qd2 30. Qxd2 Rxd2 31. Kf1 Nd8 32. Ne3 Ne6 33. Rc2 Rxc2 34. Nxc2 h5 35. gxh5 Nd6 36. Ne3 Nd4 37. Bd1 Bc6 38. Be1 Be8 39. Nc2 Ne6 40. Bd2 Bxh5 41. Be2 Nf7 42. Kf2 1/2-1/2

[Event "Arandjelovac ASK-11 GM"]
[Site "Arandjelovac"]
[Date "2022.03.09"]
[Round "4"]
[White "Markovic, Miroslav"]
[Black "Saric, Ibro"]
[Result "1/2-1/2"]
[WhiteElo "2287"]
[BlackElo "2574"]
[PlyCount "24"]
[EventDate "2022.03.07"]
[EventType "tourn"]
[EventRounds "11"]
[EventCountry "SRB"]
[EventCategory "7"]
[SourceTitle "CBM 207 Extra"]
[Source "ChessBase"]
[SourceDate "2022.05.31"]
[SourceVersion "1"]
[SourceVersionDate "2022.05.31"]
[SourceQuality "1"]

1. Nf3 Nf6 2. d3 c5 3. e4 Nc6 4. c3 g6 5. Nbd2 Bg7 6. Be2 d5 7. 0-0 0-0 8. Re1 e5 9. a3 d4 10. Nc4 Ne8 11. a4 Nd6 12. cxd4 Nxd4 1/2-1/2

[Event "CRO-chT1A 29th"]
[Site "Mali Losinj"]
[Date "2021.10.02"]
[Round "8.3"]
[White "Saric, Ibro"]
[Black "Radovanovic, Nikola"]
[Result "1-0"]
[WhiteElo "2568"]
[BlackElo "2414"]
[PlyCount "87"]
[EventDate "2021.09.25"]
[EventType "team-tourn"]
[EventRounds "9"]
[EventCountry "CRO"]
[SourceTitle "CBM 204 Extra"]
[Source "ChessBase"]
[SourceDate "2021.11.30"]
[SourceVersion "1"]
[SourceVersionDate "2021.11.30"]
[SourceQuality "1"]
[WhiteTeam "Split Mornar"]
[BlackTeam "Pula"]
[WhiteTeamCountry "CRO"]
[BlackTeamCountry "CRO"]

1. d4 Nf6 2. Nf3 d5 3. c4 c6 4. Qb3 dxc4 5. Qxc4 Bg4 6. Nbd2 Nbd7 7. g3 e6 8. Bg2 Be7 9. 0-0 0-0 10. Qb3 Nb6 11. e3 Nfd7 12. Ne4 Bf5 13. Nc3 c5 14. e4 Bg4 15. d5 c4 16. Qc2 e5 17. Nd1 Rc8 18. Ne3 Bh5 19. Nf5 Bc5 20. Bd2 Bxf3 21. Bxf3 g6 22. Nh6+ Kh8 23. Kg2 Bd4 24. Bg4 Rc7 25. f4 Nc5 26. fxe5 Bxe5 27. Bc3 Qd6 28. Rad1 f6 29. Bf3 Nd3 30. Be2 Bxc3 31. bxc3 Ne5 32. Ng4 Nbd7 33. a4 Nxg4 34. Bxg4 Ne5 35. Qe2 Kg7 36. Rd4 Qa3 37. d6 Rc6 38. d7 Rd8 39. Bh3 Qxc3 40. Rd5 b6 41. Qf2 Nd3 42. Qe3 Qb2+ 43. Kg1 Ne5 44. Rb5 1-0

[Event "CRO-chT1A 29th"]
[Site "Mali Losinj"]
[Date "2021.10.01"]
[Round "7.4"]
[White "Predojevic, Borki"]
[Black "Saric, Ibro"]
[Result "1/2-1/2"]
[WhiteElo "2586"]
[BlackElo "2568"]
[PlyCount "33"]
[EventDate "2021.09.25"]
[EventType "team-tourn"]
[EventRounds "9"]
[EventCountry "CRO"]
[SourceTitle "CBM 204 Extra"]
[Source "ChessBase"]
[SourceDate "2021.11.30"]
[SourceVersion "1"]
[SourceVersionDate "2021.11.30"]
[SourceQuality "1"]
[WhiteTeam "Rijeka Liburnija"]
[BlackTeam "Split Mornar"]
[WhiteTeamCountry "CRO"]
[BlackTeamCountry "CRO"]

1. e4 e5 2. Nf3 Nf6 3. Nxe5 d6 4. Nf3 Nxe4 5. Nc3 Nf6 6. d4 Be7 7. Bd3 0-0 8. 0-0 Re8 9. Re1 Nbd7 10. Bg5 Nf8 11. h3 c6 12. Ne4 Nxe4 13. Rxe4 Bxg5 14. Rxe8 Qxe8 15. Nxg5 h6 16. Ne4 Qe7 17. c3 1/2-1/2

[Event "CRO-chT1A 29th"]
[Site "Mali Losinj"]
[Date "2021.09.30"]
[Round "6.2"]
[White "Saric, Ibro"]
[Black "Lalic, Bogdan"]
[Result "1/2-1/2"]
[WhiteElo "2568"]
[BlackElo "2402"]
[PlyCount "139"]
[EventDate "2021.09.25"]
[EventType "team-tourn"]
[EventRounds "9"]
[EventCountry "CRO"]
[SourceTitle "CBM 204 Extra"]
[Source "ChessBase"]
[SourceDate "2021.11.30"]
[SourceVersion "1"]
[SourceVersionDate "2021.11.30"]
[SourceQuality "1"]
[WhiteTeam "Split Mornar"]
[BlackTeam "Kastel Novi"]
[WhiteTeamCountry "CRO"]
[BlackTeamCountry "CRO"]

1. Nf3 d5 2. e3 Nf6 3. c4 e6 4. b3 c5 5. Bb2 Nc6 6. cxd5 exd5 7. Be2 Bd6 8. 0-0 0-0 9. d4 cxd4 10. Nxd4 Re8 11. Nd2 Nxd4 12. Bxd4 a6 13. Nf3 Ne4 14. Bb2 Bc5 15. Rc1 Qd6 16. Nd2 Bf5 17. Nxe4 Bxe4 18. Bf3 Rad8 19. Bxe4 Rxe4 20. Qh5 h6 21. Rfd1 Bb6 22. Rd3 d4 23. g3 Qe7 24. exd4 Re2 25. Bc3 Rxa2 26. Re1 Qg5 27. Qxg5 hxg5 28. Re7 Ra3 29. Bb2 Ra2 30. Rxb7 Rxb2 31. Rxb6 Rd5 32. g4 a5 33. Rc6 Rb5 34. Rc8+ Kh7 35. Rcc3 Rd5 36. Kg2 Kg6 37. h3 Ra2 38. Rc4 Rd6 39. d5 Rf6 40. Rf3 Rd2 41. Rc5 Rxf3 42. Kxf3 Kf6 43. Ke4 Rxf2 44. Rxa5 Rf4+ 45. Kd3 Ke5 46. d6+ Kxd6 47. Rxg5 g6 48. h4 Ke6 49. Kc3 Kf6 50. b4 Rf3+ 51. Kb2 Rh3 52. Rc5 Rxh4 53. g5+ Ke6 54. Kb3 Kd6 55. Ka4 Rf4 56. Rc1 Rg4 57. Rc5 Rf4 58. Kb5 Kd7 59. Ka5 Kd6 60. Rb5 Kc7 61. Ka6 f6 62. Rb7+ Kc8 63. b5 fxg5 64. Rg7 Ra4+ 65. Kb6 g4 66. Rxg6 Kd7 67. Kc5 Re4 68. Kd5 Re8 69. Rxg4 Kc7 70. Rg6 1/2-1/2

[Event "CRO-chT1A 29th"]
[Site "Mali Losinj"]
[Date "2021.09.29"]
[Round "5.5"]
[White "Vujakovic, Branko"]
[Black "Saric, Ibro"]
[Result "0-1"]
[WhiteElo "2303"]
[BlackElo "2568"]
[PlyCount "130"]
[EventDate "2021.09.25"]
[EventType "team-tourn"]
[EventRounds "9"]
[EventCountry "CRO"]
[SourceTitle "CBM 204 Extra"]
[Source "ChessBase"]
[SourceDate "2021.11.30"]
[SourceVersion "1"]
[SourceVersionDate "2021.11.30"]
[SourceQuality "1"]
[WhiteTeam "Zagreb Hask Mladost"]
[BlackTeam "Split Mornar"]
[WhiteTeamCountry "CRO"]
[BlackTeamCountry "CRO"]

1. e4 e5 2. Nf3 Nc6 3. Bb5 a6 4. Ba4 Nge7 5. Nc3 g6 6. d4 exd4 7. Nd5 Bg7 8. Bg5 h6 9. Bf6 Bxf6 10. Nxf6+ Kf8 11. Nxd4 Kg7 12. Bb3 Rf8 13. Nd5 Nxd5 14. Bxd5 Qf6 15. c3 Ne7 16. Bb3 b5 17. 0-0 Bb7 18. Qg4 c5 19. e5 Qg5 20. Qxg5 hxg5 21. Ne2 Rae8 22. Rad1 c4 23. Bc2 Nd5 24. Be4 Rxe5 25. Bxd5 Bxd5 26. Nd4 g4 27. f3 gxf3 28. Nxf3 Bxf3 29. Rxf3 d5 30. Rf2 Rd8 31. Rfd2 Kf6 32. Kf2 Ke6 33. h4 a5 34. a3 Rb8 35. Ra1 Re4 36. Rad1 Rd8 37. g3 f5 38. Rd4 Rd6 39. Kf3 Ke5 40. R4d2 d4 41. cxd4+ Rdxd4 42. Rxd4 Rxd4 43. Re1+ Kf6 44. Re2 b4 45. axb4 axb4 46. Re8 b3 47. Rc8 Ke7 48. Rc6 Rg4 49. Rc7+ Kd6 50. Rc8 Kd7 51. Rc5 Rd4 52. Ke3 Rg4 53. Kf3 Ke6 54. Rc8 Kf6 55. Rc5 Re4 56. Rc6+ Kg7 57. Rc8 Kh7 58. Rb8 Re1 59. Rb4 Rc1 60. Kf4 Kh6 61. Rb8 Rf1+ 62. Ke3 Rb1 63. Rh8+ Kg7 64. Rc8 Rxb2 65. Rxc4 Rb1 0-1

[Event "CRO-chT1A 29th"]
[Site "Mali Losinj"]
[Date "2021.09.25"]
[Round "1.4"]
[White "Saric, Ibro"]
[Black "Laznicka, Viktor"]
[Result "1/2-1/2"]
[WhiteElo "2568"]
[BlackElo "2647"]
[PlyCount "57"]
[EventDate "2021.09.25"]
[EventType "team-tourn"]
[EventRounds "9"]
[EventCountry "CRO"]
[SourceTitle "CBM 204 Extra"]
[Source "ChessBase"]
[SourceDate "2021.11.30"]
[SourceVersion "1"]
[SourceVersionDate "2021.11.30"]
[SourceQuality "1"]
[WhiteTeam "Split Mornar"]
[BlackTeam "Zagreb Zagreb"]
[WhiteTeamCountry "CRO"]
[BlackTeamCountry "CRO"]

1. d4 d5 2. c4 dxc4 3. Nf3 Nf6 4. e3 e6 5. Bxc4 c5 6. 0-0 a6 7. dxc5 Qxd1 8. Rxd1 Bxc5 9. Be2 Nbd7 10. Nbd2 b6 11. Nb3 Be7 12. Nfd4 Bb7 13. f3 g6 14. e4 Rc8 15. Bf1 e5 16. Ne2 Nc5 17. Be3 Nxb3 18. axb3 b5 19. Nc1 Nd7 20. Nd3 f5 21. exf5 gxf5 22. Rac1 Kf7 23. b4 Rxc1 24. Rxc1 Rc8 25. Nc5 Nxc5 26. bxc5 b4 27. c6 Rxc6 28. Rxc6 Bxc6 29. Bxa6 1/2-1/2

[Event "BIH-chT 18th"]
[Site "Tuzla"]
[Date "2019.06.13"]
[Round "6.3"]
[White "Saric, Ibro"]
[Black "Sedlak, Nikola"]
[Result "1/2-1/2"]
[WhiteElo "2555"]
[BlackElo "2583"]
[PlyCount "120"]
[EventDate "2019.06.08"]
[EventType "team-tourn"]
[EventRounds "9"]
[EventCountry "BIH"]
[SourceTitle "CBM 190 Extra"]
[Source "ChessBase"]
[SourceDate "2019.07.15"]
[SourceVersion "1"]
[SourceVersionDate "2019.07.15"]
[SourceQuality "1"]
[WhiteTeam "Pazaric Bjelasnica"]
[BlackTeam "Tuzla Sloboda"]
[WhiteTeamCountry "BIH"]
[BlackTeamCountry "BIH"]

1. d4 e6 2. c4 f5 3. Nf3 Nf6 4. a3 d5 5. Bf4 Bd6 6. e3 0-0 7. Nc3 b6 8. Rc1 Bb7 9. Bxd6 Qxd6 10. b4 a6 11. c5 bxc5 12. bxc5 Qe7 13. Rb1 Bc6 14. Ne5 Be8 15. Be2 Nc6 16. Nxc6 Bxc6 17. f4 Kh8 18. h4 Bb5 19. Kd2 Qd7 20. Rb4 Rfb8 21. Qb3 Qe8 22. Rb1 Rc8 23. Qd1 Qg6 24. a4 Bxe2 25. Qxe2 Qg3 26. Rh1 h5 27. Qf3 Qg6 28. Rhb1 Nd7 29. Ne2 Qe8 30. Nc3 Nb8 31. Ke2 Nc6 32. R4b2 Kh7 33. Kf2 Kh6 34. Qg3 g6 35. Qg5+ Kg7 36. Ne2 Rcb8 37. Ng3 Kf7 38. Rb7 Rxb7 39. Rxb7 Qc8 40. Nxh5 gxh5 41. Qxh5+ Ke7 42. Qh7+ Kd8 43. Rxc7 Qxc7 44. Qg8+ Kd7 45. Qxa8 Nb8 46. Kg3 Ke7 47. Kh3 Kf7 48. Kg3 a5 49. Kf3 Kg6 50. Kg3 Kh7 51. Kh3 Kg7 52. Kg3 Kg6 53. Kh3 Kh5 54. c6 Qd8 55. g3 Qg8 56. Kg2 Qg4 57. Kf2 Qd1 58. Qxb8 Qc2+ 59. Kf3 Qd1+ 60. Kf2 Qd2+ 1/2-1/2